Mengenal undang-undang

Bibliographic Details
Main Author: Mohd.Salleh Abas
Format: Book
Published: Kuala Lumpur : DBP , 1979
Series:Siri pengetahuan umum
Subjects:

MARC

LEADER 00000cam a2200000 7i4500
001 0000032656
002 000035251
005 20000331.0
020 |a T000003129 
090 0 0 |a 345.591   |b MOH 
100 0 |a Mohd.Salleh Abas   |f Tan Sri Datuk 
245 1 0 |a Mengenal undang-undang   |c Tan Sri Datuk Mohd.Salleh Abas 
260 |a Kuala Lumpur :   |b DBP ,   |c 1979 
300 |a 77p. ;   |c 18cm. 
490 0 |a Siri pengetahuan umum 
650 0 0 |a Law   |z Malaysia 
999 |a 0003659   |b BUKU   |c MALAYSIANA   |e PERPUSTAKAAN KOMUNITI PETALING JAYA